000 00399nam a2200169Ia 4500
100 _aTyler/D.W
650 _aElectrical Engineering
490 _vII
942 _cBK
654 _aElectrical And Electronic Application
245 _aElectrical And Electronic Application
260 _bButtersworth
_aLondon
_c1982
082 _a621.3
_bTyl
300 _a216
546 _aENGLISH
999 _c18438
_d18438